LDR 00921naa#a2200241#i#450# 001 EN\\bibl\119413 005 20260427015217.1 011 ## _a2311-8873 100 ## _a20260410b2026####ek#y0engy0150####ca 102 ## _aRU 200 1# _aTHE METHODOLOGY OF THE CALCULATED ASSESSMENT OF THE TECHNICAL AND ECONOMIC FEATURES OF PASSENGER TRANSPORTATION _eJournal article 210 1# _aVoronezh _cFSBE Institution of Higher Education Voronezh State University of Forestry and Technologies named after G.F. Morozov _d2026 215 ## _a7 с. 608 ## _aJournal article _2local 675 ## _aЭкономические явления и законы. 330.11 _z 700 #1 _aBelokurov _gSergey Vladimirovich 700 #1 _aKononov _gMihail Sergeevich 700 #1 _aPanyavina _gEkaterina 700 #1 _aBelokurov _gV. P. 700 #1 _aKorablev _gRuslan Aleksandrovich 700 #1 _aBusarin _gE. N. 700 #1 _aGolev _gA. D. 856 4# _avntv.editorum.ru _u